00343nam a2200085Ia 4500008004100000245009300041260000900134300008900143650002500232180130s9999 xx 000 0 und d cBurns, Mary B.; Moffitt, Kevin C.aAutomated deception detection of 911 call transcripts c2016 aBook title: Computer and information security--Acession number C20546; pages 160-168 aINFORMATION SECURITY